Lyrics Before You Leave Me - Alex Warren - Statistics

General Stats
  • This quiz has been taken 152 times
  • The average score is 315 of 354
Answer Stats
Answer % Correct
I
100%
me
100%
you
100%
You
100%
be
99%
before
99%
leave
99%
right
98%
your
98%
a
96%
for
96%
go
96%
it
96%
Know
96%
know
96%
So
96%
so
96%
the
96%
just
94%
Just
94%
love
94%
Love
94%
uh,
94%
uh
94%
whoa
94%
now
93%
now,
93%
Oh
92%
oh
92%
Oh,
92%
oh-
92%
oh,
92%
you're
92%
gonna
90%
hurt
90%
I'm
90%
it's
90%
like
90%
more
90%
night
90%
one
90%
mine
89%
to
89%
foot
88%
give
88%
Hold
87%
hold
87%
still
87%
That
87%
that?
87%
Watching
86%
let
84%
not
84%
Darling
83%
in
83%
back
82%
But
82%
by
82%
coming
82%
ready
82%
never
81%
really
81%
scared
81%
bubble
80%
mean
80%
wrap
80%
care
78%
could
78%
how
78%
packed
78%
Cover
77%
with
77%
already
76%
got
76%
Got
76%
stairs
76%
footsteps
75%
handle
75%
bag
73%
door,
73%
heart
73%
need
73%
See
73%
used
73%
And
72%
anymore,
72%
anymore
72%
don't
72%
getting
72%
guess
72%
broken
71%
can't
71%
'Cause
71%
mind
71%
out
70%
change
69%
fully
69%
this
67%
advantage
66%
take
66%
hate
65%
of
65%
part
60%
turn
60%
gotta
59%
if
58%
pretend?
58%
stay
58%
Won't
58%
end
57%
I'll
57%
little
57%
Even
55%
longer
55%
morning,
55%
all
54%
maybe
53%
demaged
7%
No matching quizzes found
Score Distribution
Percent of People with Each Score
Percentile by Number Answered
Your Score History
You have not taken this quiz